Detalles MARC
| 000 -CABECERA |
| campo de control de longitud fija |
01087nas a2200205 a 4500 |
| 005 - FECHA Y HORA DE LA ÚLTIMA TRANSACCIÓN |
| campo de control |
20250925101039.0 |
| 007 - CAMPO FIJO DE DESCRIPCIÓN FÍSICA--INFORMACIÓN GENERAL |
| campo de control de longitud fija |
ta |
| 008 - DATOS DE LONGITUD FIJA--INFORMACIÓN GENERAL |
| campo de control de longitud fija |
241009e2005 dr uu|p|r||||||0| ||spa d |
| 040 ## - FUENTE DE LA CATALOGACIÓN |
| Centro catalogador/agencia de origen |
DO-SdBNP |
| Centro/agencia transcriptor |
BNPHU |
| Normas de descripción |
rda |
| 041 ## - CÓDIGO DE LENGUA |
| Código de lengua original |
spa |
| 245 ## - MENCIÓN DE TÍTULO |
| Título |
Digo : |
| Resto del título |
la revista del decir dominicano / |
| Mención de responsabilidad, etc. |
editor: Rubén Lamarche. |
| 260 ## - PUBLICACIÓN, DISTRIBUCIÓN, ETC. |
| Lugar de publicación, distribución, etc. |
Santo Domingo, República Dominicana : |
| Nombre del editor, distribuidor, etc. |
RenaSe Publicaciones, |
| Fecha de publicación, distribución, etc. |
2005. |
| 300 ## - DESCRIPCIÓN FÍSICA |
| Extensión |
volumen : |
| Otras características físicas |
ilustraciones, fotografías, gráficas ; |
| Dimensiones |
30 cm. |
| 310 ## - PERIODICIDAD ACTUAL |
| Periodicidad actual |
Desconocida |
| 500 ## - NOTA GENERAL |
| Nota general |
Su contenido es variado, respaldado por las firmas de un equipo capaz. Entre las secciones se encuentran: una entrevista central, economía y política, Farándula y Espectáculos, cómo llegué a la noche, Menesteres, Internacionales, La mente y el cuerpo y opiniones, entre otros. |
| 651 #0 - PUNTO DE ACCESO ADICIONAL DE MATERIA--NOMBRE GEOGRÁFICO |
| Nombre geográfico |
República Dominicana |
| Subdivisión general |
Aspectos sociales |
| Subdivisión de forma |
Publicaciones periódicas |
| 9 (RLIN) |
78065 |
| 651 #0 - PUNTO DE ACCESO ADICIONAL DE MATERIA--NOMBRE GEOGRÁFICO |
| Nombre geográfico |
República Dominicana |
| Subdivisión general |
Vida social y costumbres |
| Subdivisión de forma |
Publicaciones periódicas |
| 9 (RLIN) |
78065 |
| 700 ## - PUNTO DE ACCESO ADICIONAL--NOMBRE DE PERSONA |
| Nombre de persona |
Lamarche, Rubén |
| 9 (RLIN) |
69584 |
| Término indicativo de función/relación |
editor |
| 942 ## - ELEMENTOS DE PUNTO DE ACCESO ADICIONAL (KOHA) |
| Fuente del sistema de clasificación o colocación |
Dewey Decimal Classification |
| Tipo de ítem Koha |
Publicación periódica |
| Parte de la signatura que corresponde a la clasificación (Parte de la clasificación) |
Mayo 2005 |